000
00317nam a22001337a 4500
008
170204b xxu||||| |||| 00| 0 eng d
020
_a
9780130131300
041
_a
eng
080
_a
61
100
_a
3
101
_a
SHM
245
_a
ESSENTIALS OF AGGRESSION MANAGEMENT IN HEALTH CARE
_c
WILDER, S.S
942
_2
udc
_c
BK
999
_c
4662
_d
4662